000 00795nam a22002057a 4500
999 _c163310
_d163310
005 20190409120229.0
010 _aB-721069
020 _a9781788160049
_c599.00
035 _aB-721069
037 _bAksharesh Enterprises
082 _a332
100 _aDesai, Mihir A.
245 _aThe wisdom of finance:
_bdiscovering humanity in the world of the risk and return /
_cby Mihir A. Desai
260 _aLondon
_bProfile Books
_c2017
270 _a3 Holford Yard, Bevin Way
_bLondon
300 _axiii, 223p.:
_bill.
_c21cm(pbk)
500 _aincludes index
942 _2ddc
_cEN
_h332
_mDES